Vplyv medzinárodnej špecializácie a kooperácie výroby na zmeny štruktúry československého zahraničného obchodu vo výrobnom odbore 336 - hydraulika kandidátska dizertačná práca
Guardado en:
| Autor principal: | |
|---|---|
| Autor Corporativo: | |
| Otros Autores: | |
| Formato: | Libro |
| Lenguaje: | eslovaco |
| Publicado: |
Bratislava
1985
|
| Materias: | |
| Etiquetas: |
Sin Etiquetas, Sea el primero en etiquetar este registro!
|
MARC
| LEADER | 00000nam a2200000 4500 | ||
|---|---|---|---|
| 001 | c002699 | ||
| 005 | 20260325071425.2 | ||
| 041 | 0 | |a slo | |
| 044 | |a SK | ||
| 245 | 1 | 0 | |a Vplyv medzinárodnej špecializácie a kooperácie výroby na zmeny štruktúry československého zahraničného obchodu vo výrobnom odbore 336 - hydraulika |b kandidátska dizertačná práca |c Jana Nagyová ; Škol. Pavol Raček |
| 264 | 1 | |a Bratislava |c 1985 | |
| 300 | |a 117 s. | ||
| 610 | 2 | 0 | |a ČSSR |
| 610 | 2 | 0 | |a RVHP |
| 610 | 2 | 0 | |a krajiny rozvojové |
| 610 | 2 | 0 | |a obchod zahraničný |
| 100 | 1 | |a Nagyová, Jana | |
| 700 | 1 | |a Raček, Pavol | |
| 710 | 2 | |a Vysoká škola ekonomická v Bratislave | |